History Quiz

Random History or Famous Quiz
Score 0/16 Timer 07:00
0 Plays Today
% Correct
Princess Diana and John Travolta
98%
Barack and Michelle Obama
96.5%
George W. Bush
95.9%
Nelson Mandela
94.8%
Marilyn Monroe
94.7%
Ronald and Nancy Reagan
94.5%
Queen Elizabeth II and Gerald Ford
85.4%
Margaret and Denis Thatcher
79.6%
% Correct
Mao Zedong
74.6%
James Dean
73.5%
Janis Joplin
65.8%
Lucille Ball
65.8%
Pablo and Jacqueline Picasso
64.1%
Judy Garland
61.9%
Che Guevara
56.2%
Babe Ruth and Hazel Roland
48.6%

You're not logged in!

Compare scores with friends on all Sporcle quizzes.
OR
Log In

Sporcle TV

Today on Sporcle TV


Watch our educational content, quiz creation guides, and fun videos on Sporcle TV.

Show Comments

Extras

Top Quizzes Today


Score Distribution

Your Account Isn't Verified!

In order to create a playlist on Sporcle, you need to verify the email address you used during registration. Go to your Sporcle Settings to finish the process.

Report this User

Report this user for behavior that violates our Community Guidelines.

Details: